000 00599nam a2200193Ia 4500
003 GCL
008 140319s9999 xx 000 0 ara d
040 _aGCL /
_cGCL
082 0 4 _a811.9
_bع ح
100 1 _aمحمد الشاذلى
245 1 0 _aحول قضايا التغريب والتجريب فى الادب العربى المعاصر /
_cمحمد الشاذلى
260 _a[S.N] :
_bدار الحداثة ،
_c1985
300 _a340 ص
490 _a
650 0 4 _aالشعر العربى
650 0 4 _aالادب المقارن
650 0 4 _aتاريخ ونقد
942 _2ddc
_cBK
999 _c53913
_d53913